Deutsche Wörter: Homonym Quiz - Statistiken

Allgemein
  • Dieses Quiz wurde 278 mal gespielt
  • Das Durchschnittsergebnis liegt bei 14 aus 20
Antwortstatistiken
Bedeutung #1 Bedeutung #2 Antwort % Korrekt
Parade Wohnungswechsel Umzug
97%
In Flammen stehen Schnaps destillieren Brennen
96%
Finanzinstitut Sitzgelegenheit Bank
94%
Ein Paar Gesichtsteile Kuchen machen Backen
91%
Planet Boden Erde
91%
Grasfläche Schnell fahren Rasen
90%
Skibrett mit Belag einreiben Grösser werden Wachsen
90%
VW Klassiker Krabbelndes Insekt Käfer
89%
Strasse Nicht mehr da Weg
86%
Musikstil Kleidungsstück Rock
81%
Falsche Zeitungsnachricht Wasservogel Ente
75%
Spielgerät Tanzveranstaltung Ball
70%
Seil Niederschlag Tau
67%
Klettergerät Chef einer Betriebsabteilung Leiter
59%
Nachdenken Stärker oder besser sein Überlegen
53%
Eingang Einfältiger Mensch Tor
47%
Nadelbaum Körperteil Kiefer
46%
Ununterbrochene Reihenfolge Strumpfhosenmakel Lauf
40%
Fahrrad oder Auto Teil Zum Abschluss entwickeln Reifen
32%
Hinausschieben In Ordnung halten Warten
9%
Keine übereinstimmenden Quizze gefunden
Verteilung der Resultate
Anzahl Personen mit jedem Resultat
Perzentil nach korrekt beantworteten Fragen
Ihre Resultats-Entwicklung
Sie haben dieses Quiz noch nicht gespielt